Former Names of Countries - Statistics

General Stats
  • This quiz has been taken 23 times
  • The average score is 15 of 20
Answer Stats
Hint Answer % Correct
Rhodesia Zimbabwe
100%
Persia Iran
96%
Ruanda-Urundi Rwanda and Burundi
96%
Dutch East Indies Indonesia
91%
Ceylon Sri Lanka
91%
Northern Rhodesia Zambia
91%
Swaziland Eswatini
87%
Gold Coast Ghana
87%
New Spain Mexico
87%
British Honduras Belize
83%
Bechuanaland Botswana
74%
Trust Territory of the Pacific Islands Marshall Islands, Palau, and Micronesia
74%
Nyasaland Malawi
70%
New Hebrides Vanuatu
70%
Basutholand Lesotho
65%
New Grenada Colombia
61%
Fergana Oblast Kyrgyzstan, Uzbekistan, and Tajikistan
57%
Transcaspian Oblast Turkmenistan
57%
Bogd Khanate Mongolia
52%
Chōsen of Joseon North Korea and South Korea
52%
No matching quizzes found
Score Distribution
Percent of People with Each Score
Percentile by Number Answered
Your Score History
You have not taken this quiz